01007nam a22002777a 45000010005000000030006000050050017000110080041000280200018000690400029000870500014001160820011001301000021001412450083001622500036002452600038002813000050003194900033003695050008004025200189004105210020005995210020006196500027006396500025006667000038006915263FISKH20250113140109.0241121b cb ||||| |||| 00| 0 eng d a9780545434379 aFISKHbengcFISKHdFISKH aQL100.C59 a591.65 aClaybourne, Anna a100 deadliest things on the planet :bGet ready to run ! /cby Anna Claybourne aFirst printing , September 2012 aNew York : bScholastic ;c2012 . a112 pages : bcolor illustrations ;c24 cm .  a100 ... Things on the Planet aZ  aDescribes the one hundred most dangerous animals, plants, diseases, and weather on the planet, including scorpions, sharks, wolfsbane, killer bees, smallpox, tsunamis, and earthquakes.8 a940 bLexile 8 aZ bRaz-Plus  adisastersvnon-fiction aanimalsvnon-fiction aWood, SorreleEditorial director